Studie jízdních vlastností dopravního automobilu a požárního přívěsného vozíku

Stručné sumarizovanie vybraných jazdných vlastností súpravy dopravných prostriedkov na podvozku Sprinter Mercedes-Benz s požiarnym označením DA-L2Z a na brzdenom požiarnom prívese na podvozku od VEZEKO s.r.o. v celkovej hmotnosti do 3,5 tony. Testovanie jazdnej dynamiky bolo zamerané na krízové ​​rz...

Full description

Saved in:
Bibliographic Details
Main Author: Lasák, Jiří
Other Authors: Jánošík, Ladislav, Jánošíková, Ivana
Format: Book Chapter
Language:Slovak
Subjects:
Tags: Add Tag
No Tags, Be the first to tag this record!

MARC

LEADER 00000naa a2200000 4500
001 0306913
005 20250210151020.7
041 0 |a slo 
044 |a SK 
245 1 0 |a Studie jízdních vlastností dopravního automobilu a požárního přívěsného vozíku  |c Jiří Lasák, Ladislav Jánošík, Ivana Jánošíková 
520 |a Stručné sumarizovanie vybraných jazdných vlastností súpravy dopravných prostriedkov na podvozku Sprinter Mercedes-Benz s požiarnym označením DA-L2Z a na brzdenom požiarnom prívese na podvozku od VEZEKO s.r.o. v celkovej hmotnosti do 3,5 tony. Testovanie jazdnej dynamiky bolo zamerané na krízové ​​rzdenie v priamom smere a jazdu v kruhu pri rýchlosti, blížiacej sa k bezpečnému limitu pre prevrátenie vozidla, alebo nákladného vozidla. Tieto dve úlohy patria k základným vodičským zručnostiam, aby si vodič hasičského auta musel vedieť bezpečne poradiť v kríze na ceste. 
610 2 0 |a požiare 
610 2 0 |a požiarnictvo 
610 2 0 |a požiarovosť 
610 2 0 |a prívesy 
610 2 0 |a automobily 
610 2 0 |a automobily nákladné 
100 1 |a Lasák, Jiří 
700 1 |a Jánošík, Ladislav 
700 1 |a Jánošíková, Ivana